| Tag |
First Indicator |
Second Indicator |
Subfields |
| LEADER |
00000pam a2200000 i 4500 |
| 001 |
in00000467331 |
| 005 |
20151013050846.0 |
| 008 |
741105s1975 caua b 00010 eng |
| 010 |
|
|
|a 73091354
|
| 020 |
|
|
|a 0470541164
|
| 035 |
|
|
|a (OCoLC)01102901
|
| 035 |
|
|
|9 ACA6745AM
|
| 040 |
|
|
|a DLC
|c DLC
|d TXA
|d UtOrBLW
|
| 049 |
|
|
|a TXAM
|c [1235328]
|
| 050 |
0 |
0 |
|a H61
|b .L54
|
| 082 |
0 |
|
|a 300
|
| 100 |
1 |
|
|a Liske, Craig.
|
| 245 |
1 |
0 |
|a Comparative public policy :
|b issues, theories, and methods /
|c edited by Craig Liske, William Loehr, John McCamant.
|
| 264 |
|
1 |
|a [Beverly Hills, Calif.] :
|b Sage Publications ;
|c [1975]
|
| 264 |
|
2 |
|a New York :
|b Distributed by Halsted Press Division, Wiley,
|
| 300 |
|
|
|a 300 pages :
|b illustrations ;
|c 24 cm.
|
| 336 |
|
|
|a text
|b txt
|2 rdacontent
|
| 337 |
|
|
|a unmediated
|b n
|2 rdamedia
|
| 338 |
|
|
|a volume
|b nc
|2 rdacarrier
|
| 490 |
1 |
|
|a Comparative political economy and public policy series ;
|v v. 1
|
| 504 |
|
|
|a Bibliography: pages 287-300.
|
| 650 |
|
0 |
|a Policy sciences.
|
| 700 |
1 |
|
|a Loehr, William.
|
| 700 |
1 |
|
|a McCamant, John F.
|
| 830 |
|
0 |
|a Comparative political economy and public policy series ;
|v v. 1.
|
| 999 |
|
|
|a MARS
|
| 999 |
f |
f |
|s c7c26007-7d9e-32aa-b5ef-f3925988e0ef
|i c10af4d8-d7a1-3ba9-bba7-3530a018ec1d
|t 0
|
| 952 |
f |
f |
|p ric
|a Texas A&M University
|b Rellis Campus
|c Joint Library Facility
|d Remote Storage
|t 0
|e H61 .L54
|h Library of Congress classification
|i unmediated -- volume
|m A14802510383
|
| 998 |
f |
f |
|a H61 .L54
|t 0
|l Remote Storage
|